| 000 | 02988nam a2200349 a 4500 | ||
|---|---|---|---|
| 003 | OSt | ||
| 005 | 20250819143357.0 | ||
| 007 | cr ||||||a|a|a | ||
| 008 | 250812s2025 mx a|||fom||| 001 0 spa d | ||
| 040 | _erda | ||
| 100 | 1 |
_aArzola Mora, Victor Manuel _9190844 |
|
| 245 | 1 | 0 |
_aEstrategias para minimizar las pérdidas en el rendimiento causadas por el tizón de la espiga en trigo harinero / _cpor Victor Manuel Arzola Mora; director de tesis Carlos Sanchez Villaseñor; secretario Héctor Eduardo Villaeñor; vocal Salvador Carranza González; suplente Jusn Celestino Molino Moreno; suplente Teresa Cervantes Martínez. |
| 264 | 1 |
_aChapingo, México : _bEl autor, _c2024. |
|
| 300 |
_a1 recurso en línea (68 páginas): _bcuadros, figuras. |
||
| 336 |
_2rdacontent _atexto _btxt |
||
| 337 |
_2rdamedia _acomputadora _bc |
||
| 338 |
_2rdacarrier _arecurso en línea _bcr |
||
| 502 |
_bIAEF _cFitotecnia _d2024. _gLIC |
||
| 504 | _aIncluye referencias bibliográficas: páginas 50-62. | ||
| 520 | _aEl Tizón de la Espiga, causado por Fusarium sp., (FHB) es una de las enfermedades más destructoras en el trigo harinero, reduciendo significativamente el rendimiento y la calidad del grano al contaminarlo con micotoxinas. En este estudio evaluó tres variedades de trigo (Heilo, Falcin y Ocoroni F86) y tres fungicidas (Tilt®, Nativo® y Folicur®) bajo condiciones controladas en dos ciclos productivos. Se midió el rendimiento, la altura de planta, días a madurez, y la incidencia de Fusarium en la espiga (FEsp), todas las variables fueron analizadas mediante ANOVA y correlaciones La variedad Heilo presentó la menor incidencia de Fusarium y el mayor rendimiento, especialmente cuando se combinó con los fungicidas Tilt® y Nativo®, que redujeron significativamente el FHB. Ocoroni F86 fue la variedad más susceptible, con bajos rendimientos incluso bajo control químico. La correlación negativa entre altura y FEsp sugiere que las plantas más altas pueden estar menos expuestas a Fusarium. Se concluye que la implementación de estrategias integradas que combinen variedades resistentes y fungicidas efectivos es clave para minimizar las pérdidas por FHB. Estos resultados refuerzan la importancia de enfoques sostenibles para la producción de trigo en zonas afectadas por este patógeno. | ||
| 650 | 4 |
_aFusarium head blight _xControl _9191090 |
|
| 650 | 4 |
_aFusarium head blight _xControl _9191090 |
|
| 650 | 4 |
_aFungicidas _xAnálisis _944045 |
|
| 650 | 4 |
_aTrigo harinero _xRendimiento _9191089 |
|
| 700 | 1 |
_aSánchez Abarca, Carlos _9107301 _edirector. |
|
| 700 | 1 |
_aVillaseñor Mir, Héctor Eduardo _9119697 _esecretario. |
|
| 700 | 1 |
_aCarranza González, Salvador _9135399 _evocal. |
|
| 700 | 1 |
_aMolino Moreno, Juan Celestino _9190908 _esuplente. |
|
| 700 | 1 |
_aCervantes Martínez, Teresa _esuplente. _921588 |
|
| 856 |
_uhttp://10.13.5.2/tesis/tl/1910136-6_ARZOLA_MORA_VICTORMANUEL.pdf _zDESCARGAR PDF |
||
| 942 |
_2Clasificación Universidad Autónoma Chapingo _cTD |
||
| 999 |
_c220795 _d220795 |
||